EXPERIMENTAL ORGANIC CHEMISTRY (Record no. 10082)

MARC details
000 -LEADER
fixed length control field 00291nam a22001337a 4500
003 - CONTROL NUMBER IDENTIFIER
control field SGT
082 ## - DEWEY DECIMAL CLASSIFICATION NUMBER
Classification number SON 547
100 ## - MAIN ENTRY--PERSONAL NAME
Personal name RATNANI,SONIA
245 ## - TITLE STATEMENT
Title EXPERIMENTAL ORGANIC CHEMISTRY
260 ## - PUBLICATION, DISTRIBUTION, ETC. (IMPRINT)
Place of publication, distribution, etc NEW DELHI
Name of publisher, distributor, etc PHI
Year of Publication 2012
300 ## - PAGE DESCRIPTION
No. of Pages 375
650 ## - SUBJECT ADDED ENTRY--TOPICAL TERM
Topical term or geographic name as entry element ORGANIC CHEMISTRY
942 ## - ADDED ENTRY ELEMENTS (KOHA)
Source of classification or shelving scheme Dewey Decimal Classification
Koha item type FPS Books
942 ## - ADDED ENTRY ELEMENTS (KOHA)
-- 3
Holdings
Withdrawn status Lost status Source of classification or shelving scheme Damaged status Not for loan Collection code Home library Current library Shelving location Date acquired Vendor Name Cost, normal purchase price SGTU Bill Number Total Checkouts Full call number Accession No. (Barcode) Date last seen Date last borrowed Bill Date Koha item type
    Dewey Decimal Classification     SCIENCE SGT Science & Social Sciences Library SGT Science & Social Sciences Library Text Book 01/12/2016 UNIVERSAL BOOK 325.00 SGTU 377 3 SON 547 PS3065 24/12/2025 04/08/2025 20/10/2016 FPS Books
    Dewey Decimal Classification     SCIENCE SGT Science & Social Sciences Library SGT Science & Social Sciences Library Text Book 01/12/2016 UNIVERSAL BOOK 325.00 SGTU 377 3 SON 547 PS3066 23/05/2024 09/05/2024 20/10/2016 FPS Books
    Dewey Decimal Classification     SCIENCE SGT Science & Social Sciences Library SGT Science & Social Sciences Library Text Book 01/12/2016 UNIVERSAL BOOK 325.00 SGTU 377 4 SON 547 PS3067 05/08/2023 05/08/2023 20/10/2016 FPS Books